TOP 100 nejhodnotnějších značek roku 2008

Rebríček TOP 100 BrandZ - založený nielen na ekonomických dátach, ale sa zaoberá aj hodnotením používateľov jednotlivých značiek, predpokladaným rastom a rizikami týchto značiek. Hlavné globálne trendy vyplývajúce z výskumu - nárast čínskych značiek, rýchlejší rast silných značiek, vzostup technológ...

Descrizione completa

Salvato in:
Dettagli Bibliografici
Autore principale: Brožová, Miloslava
Natura: Capitolo di libro
Lingua:ceco
Soggetti:
Tags: Aggiungi Tag
Nessun Tag, puoi essere il primo ad aggiungerne!!

MARC

LEADER 00000naa$a2200000$$$4500
001 0079053
005 20231018131220.5
041 0 |a cze 
044 |a CZ 
245 1 0 |a TOP 100 nejhodnotnějších značek roku 2008  |c Miloslava Brožová 
520 |a Rebríček TOP 100 BrandZ - založený nielen na ekonomických dátach, ale sa zaoberá aj hodnotením používateľov jednotlivých značiek, predpokladaným rastom a rizikami týchto značiek. Hlavné globálne trendy vyplývajúce z výskumu - nárast čínskych značiek, rýchlejší rast silných značiek, vzostup technológií, internet, inovatívnosť, investície do luxusu, dôraz na spotrebiteľov ako kľúč k úspechu. 
610 2 0 |a značky výrobkov 
610 2 0 |a tovar 
610 2 0 |a kvalita výrobkov 
610 2 0 |a firmy 
610 2 0 |a výskum 
610 2 0 |a spotrebitelia 
610 2 0 |a inovácia výrobkov 
610 2 0 |a svet 
100 1 |a Brožová, Miloslava